000
00481nam a2200133Ia 4500
008
151001s9999||||xx |||||||||||||| ||und||
100
_a
बा गं आचरेकर
245
_a
भारतीय संगीत व संगीत शास्त्र
250
_a
1
260
_b
महाराष्ट्र राज्य साहित्य संस्कुती मंडळ मुंबई
260
_c
1974
300
_a
463
365
_b
21
999
_c
976534
_d
976531